00571nam a22001811 4500008004100000020002200041100001900063245009000082260003600172300003300208440002600241504004100267650002200308700003200330003000100362005001700363040000900380  a0713121920 (pbk.)1 aBell, Peter R.14aThe diversity of green plants /c[by] Peter R. Bell [and] Christopher L. F. Woodcock. aLondon :bEdward Arnold,c1968. aix, 374 p. :bill. ;c23 cm.0 aContemporary biology. aIncludes bibliographical references. 0aPlant morphology.10aWoodcock, Christopher L. F.20230123122156.0 cNUST